Logo BPK

Biblioteka

Politechniki Koszalińskiej

Transmisja cyfrowa w systemach światłowodowych i satelitarnych / (Rekord nr 5533)

Szczegóły MARC
000 -ETYKIETA REKORDU
podpole kontrolne o stałej długości 00349nam a2200133 i 4500
001 - NUMER KONTROLNY REKORDU
pole kontrolne bg
040 ## - ŹRÓDŁO KATALOGOWANIA
Instytucja, która utworzyła rekord BPK
041 ## - KOD JĘZYKA
Kod języka tekstu pol
008 - POLE O STAŁEJ DŁUGOŚCI - DANE KONTROLNE
podpole kontrolne o stałej długości s pl f |000 0 pol
100 1# - NAZWA OSOBOWA
Nazwa osobowa KILLEN, Harold B.
245 #0 - TYTUŁ/ODPOWIEDZIALNOŚĆ
Tytuł Transmisja cyfrowa w systemach światłowodowych i satelitarnych /
Pozostałe elementy strefy tytułu i oznaczenia odpowiedzialności Harold B. Killen.
260 ## - STREFA ADRESU WYDAWNICZEGO
Miejsce wydania Warszawa,
Data publikacji, dystrybucji/powstania dokumentu 1992.
856 ## - LOKALIZACJA I DOSTĘP DO ELEKTRONICZNYCH DOKUMENTÓW ZDALNYCH
Link (URL) http://koha.tu.koszalin.pl/cgi-bin/koha/opac-detail.pl?biblionumber=5533
Tekst linku Katalog online BPK
942 ## - DODATKOWE ELEMENTY (KOHA)
Typ dokumentu Książka
Egzemplarze
Wycofany Status egzemplarza Uszkodzony Dostępność Lokalizacja stała Lokalizacja bieżąca Miejsce przechowywania Sygnatura Kod kreskowy Typ dokumentu
      Dostępny Biblioteka Politechniki Koszalińskiej Biblioteka Politechniki Koszalińskiej Wypożyczalnia BG P 44697 01258288 Książka
© 2023 Biblioteka Politechniki Koszalińskiej :: KOHA